[Event "Pinneberg-ch"]
[Site "Pinneberg"]
[Date "2016.09.29"]
[Round "5"]
[White "Tornier, Siegfried"]
[Black "Marx, Alexander"]
[Result "0-1"]
[WhiteElo "1533"]
[BlackElo "1668"]
[PlyCount "70"]
[EventDate "2016.09.01"]
[EventType "swiss"]
[EventRounds "7"]
[EventCountry "GER"]
[SourceTitle "EXT 2018"]
[Source "ChessBase"]
[SourceDate "2017.10.13"]
[SourceVersion "1"]
[SourceVersionDate "2017.10.13"]
[SourceQuality "1"]

1. e4 e6 2. Nc3 d5 3. e5 d4 4. Nce2 c5 5. Nf3 Nh6 6. Ng3 g6 7. Ne4 Be7 8. d3 Nf5 9. Bg5 0-0 10. Bf6 Nd7 11. Bxe7 Nxe7 12. Be2 Nc6 13. 0-0 b6 14. Qd2 Ndxe5 15. Qf4 f6 16. Qh4 a5 17. h3 Ra7 18. Rad1 Raf7 19. c3 Qc7 20. cxd4 Nxf3+ 21. Bxf3 Nxd4 22. Nd2 e5 23. Qe4 Kg7 24. Rc1 Bf5 25. Qe3 Rd8 26. g4 Nxf3+ 27. Nxf3 Bxd3 28. Rfd1 e4 29. Ne1 Rfd7 30. Ng2 Qe5 31. Nf4 g5 32. Nh5+ Kg6 33. Rd2 f5 34. f4 Qd4 35. Qxd4 Rxd4 0-1

[Event "Stuttgart-chB int"]
[Site "Ditzingen"]
[Date "2010.05.15"]
[Round "6"]
[White "Duran, Suat"]
[Black "Marx, Alexander"]
[Result "1/2-1/2"]
[WhiteElo "1687"]
[BlackElo "1570"]
[PlyCount "55"]
[EventDate "2010.05.13"]
[EventType "swiss"]
[EventRounds "7"]
[EventCountry "GER"]
[SourceTitle "EXT 2018"]
[Source "ChessBase"]
[SourceDate "2017.10.13"]
[SourceVersion "1"]
[SourceVersionDate "2017.10.13"]
[SourceQuality "1"]

1. e4 e6 2. d4 d5 3. exd5 exd5 4. Bd3 Nf6 5. Ne2 Be7 6. c3 0-0 7. 0-0 Bg4 8. f3 Bh5 9. Ng3 Bg6 10. Nf5 Re8 11. Nxe7+ Qxe7 12. Bg5 h6 13. Bf4 Nh5 14. Be5 Bxd3 15. Qxd3 f6 16. Qg6 fxe5 17. Qxh5 Qf7 18. Qxf7+ Kxf7 19. dxe5 Rxe5 20. Na3 Nd7 21. Rad1 c6 22. c4 Nb6 23. cxd5 Nxd5 24. Rd2 Rae8 25. Nc2 Re2 26. Rfd1 R8e7 27. Kf1 R2e5 28. Kf2 1/2-1/2

[Event "Stuttgart-chB int"]
[Site "Ditzingen"]
[Date "2010.05.14"]
[Round "4"]
[White "Kanz, Edwin"]
[Black "Marx, Alexander"]
[Result "0-1"]
[WhiteElo "1414"]
[BlackElo "1570"]
[PlyCount "104"]
[EventDate "2010.05.13"]
[EventType "swiss"]
[EventRounds "7"]
[EventCountry "GER"]
[SourceTitle "EXT 2018"]
[Source "ChessBase"]
[SourceDate "2017.10.13"]
[SourceVersion "1"]
[SourceVersionDate "2017.10.13"]
[SourceQuality "1"]

1. d4 d5 2. Nf3 Nf6 3. e3 e6 4. Bd3 c5 5. b3 b6 6. Bb2 Ba6 7. c4 dxc4 8. bxc4 Bb7 9. Nbd2 Be7 10. 0-0 0-0 11. Qc2 h6 12. Ne5 Nc6 13. Nxc6 Bxc6 14. Nb3 Nd7 15. Rad1 cxd4 16. Nxd4 Bb7 17. Rd2 Qc7 18. Rfd1 Nf6 19. f3 Qc5 20. Re2 Qg5 21. Rf2 e5 22. f4 exf4 23. exf4 Qc5 24. Nb3 Qc6 25. h3 Rfd8 26. Be2 Rxd1+ 27. Bxd1 Rd8 28. Bf3 Qc8 29. Re2 Bxf3 30. Rxe7 Bd1 31. Qc3 Rd7 32. Rxd7 Qxd7 33. Nd2 Qe6 34. Kh2 Nh5 35. Nf1 f6 36. Qd2 Qe2 37. Qd5+ Kh7 38. Qf5+ Kg8 39. Qd5+ Kf8 40. Ba3+ Ke8 41. Qd6 Bc2 42. Nd2 Bf5 43. Nf3 Qe6 44. Qc7 Qd7 45. Qb8+ Kf7 46. Qf8+ Kg6 47. Nh4+ Kh7 48. Nxf5 Qxf5 49. Bd6 Nxf4 50. Qb8 Ne2 51. Qxa7 Qf2 52. h4 Qxh4# 0-1

[Event "Stuttgart-chB int"]
[Site "Ditzingen"]
[Date "2010.05.14"]
[Round "3"]
[White "Marx, Alexander"]
[Black "Schreiber, Stephan"]
[Result "0-1"]
[WhiteElo "1570"]
[BlackElo "1703"]
[PlyCount "90"]
[EventDate "2010.05.13"]
[EventType "swiss"]
[EventRounds "7"]
[EventCountry "GER"]
[SourceTitle "EXT 2018"]
[Source "ChessBase"]
[SourceDate "2017.10.13"]
[SourceVersion "1"]
[SourceVersionDate "2017.10.13"]
[SourceQuality "1"]

1. d4 e5 2. dxe5 Nc6 3. Nf3 Qe7 4. Nc3 Nxe5 5. Nxe5 Qxe5 6. Qd5 Bd6 7. Qxe5+ Bxe5 8. Bd2 Nf6 9. f4 Bd6 10. e3 a6 11. Be2 b5 12. Bf3 Rb8 13. a3 Bb7 14. e4 Bc5 15. 0-0-0 0-0 16. Nd5 Nxd5 17. exd5 Rfe8 18. Rhe1 Bf2 19. Rf1 Bh4 20. Bc3 Be7 21. Be5 d6 22. Bc3 Bf8 23. Rd3 g6 24. h4 Bg7 25. Ba5 Rbc8 26. h5 Re7 27. hxg6 fxg6 28. Bg4 Rce8 29. Be6+ Kh8 30. Rh1 Bc8 31. Bc3 Bxe6 32. dxe6 Rxe6 33. Rdh3 Bxc3 34. Rxh7+ Kg8 35. bxc3 Re1+ 36. Kd2 R8e2+ 37. Kd3 Rxh1 38. Rxh1 Rxg2 39. Rf1 Kf7 40. Rf3 Rg1 41. c4 Ra1 42. Kd4 c5+ 43. Kd5 Rd1+ 44. Rd3 Rxd3+ 45. cxd3 b4 0-1

[Event "Stuttgart-chB int"]
[Site "Ditzingen"]
[Date "2010.05.13"]
[Round "1"]
[White "Marx, Alexander"]
[Black "Wezel, Sebastian"]
[Result "0-1"]
[WhiteElo "1570"]
[BlackElo "1793"]
[PlyCount "78"]
[EventDate "2010.05.13"]
[EventType "swiss"]
[EventRounds "7"]
[EventCountry "GER"]
[SourceTitle "EXT 2018"]
[Source "ChessBase"]
[SourceDate "2017.10.13"]
[SourceVersion "1"]
[SourceVersionDate "2017.10.13"]
[SourceQuality "1"]

1. d4 Nf6 2. c4 c5 3. d5 b5 4. cxb5 a6 5. b6 d6 6. Qb3 Bb7 7. Nc3 Nbd7 8. e4 Nxb6 9. a4 Rb8 10. a5 Na8 11. Nf3 g6 12. Ng5 Bg7 13. Qa4+ Nd7 14. Bc4 0-0 15. f4 h6 16. Nf3 Bc8 17. 0-0 Rb4 18. Qa2 Kh7 19. Bd2 Nc7 20. b3 Rb8 21. Qc2 Nb5 22. Ra4 Nf6 23. Ne2 Bg4 24. Qd3 Qc7 25. h3 Bd7 26. e5 Bf5 27. Qe3 Ne8 28. Ng3 Bd7 29. Bd3 Nd4 30. Nxd4 cxd4 31. Rxd4 dxe5 32. fxe5 Qxe5 33. Re4 Qxd5 34. Bc4 Qd6 35. Rxf7 Rxf7 36. Bxf7 Nf6 37. Rd4 Qc5 38. Kh1 e5 39. Rc4 Qe7 0-1

[Event "Stuttgart-chB int"]
[Site "Gerlingen"]
[Date "2007.05.20"]
[Round "7"]
[White "Alke, Erhard"]
[Black "Marx, Alexander"]
[Result "1/2-1/2"]
[WhiteElo "1717"]
[BlackElo "1656"]
[PlyCount "120"]
[EventDate "2007.05.17"]
[EventType "swiss"]
[EventRounds "7"]
[EventCountry "GER"]
[SourceTitle "EXT 2018"]
[Source "ChessBase"]
[SourceDate "2017.10.13"]
[SourceVersion "1"]
[SourceVersionDate "2017.10.13"]
[SourceQuality "1"]

1. e4 e6 2. c3 d5 3. exd5 exd5 4. d4 Nf6 5. Be3 Bd6 6. Bd3 0-0 7. h3 Re8 8. Ne2 Nbd7 9. Nd2 Nh5 10. Qc2 Ng3 11. Nxg3 Bxg3 12. 0-0 Nf6 13. Bg5 Bd6 14. Bxh7+ Kh8 15. Bd3 Re6 16. Nf3 Qg8 17. Bf5 Ne4 18. c4 g6 19. Bxe4 dxe4 20. d5 exf3 21. dxe6 Bxe6 22. Bf6+ Kh7 23. Qe4 Qf8 24. Qh4+ Qh6 25. Qxh6+ Kxh6 26. Rac1 fxg2 27. Kxg2 c6 28. b3 g5 29. Rcd1 Bc7 30. Rfe1 Kg6 31. Be5 Bb6 32. Bd4 Bc7 33. Rd3 Rd8 34. Red1 Bf5 35. Re3 Bf4 36. Re7 c5 37. Bxc5 Rxd1 38. Bxa7 Ra1 39. Be3 Bd6 40. Re8 Rxa2 41. Rg8+ Kh7 42. Rxg5 Be4+ 43. Kf1 Bf3 44. Bd4 Kh6 45. Rf5 Be2+ 46. Kg2 Bb4 47. Rxf7 Ra6 48. f3 Ra2 49. Rxb7 Bd1+ 50. Kg1 Be1 51. f4 Kg6 52. b4 Ra4 53. Kg2 Kh6 54. f5 Bxb4 55. f6 Bd6 56. Be3+ Kh5 57. c5 Bf4 58. Bxf4 Rxf4 59. Rd7 Ba4 60. Rd6 Kg6 1/2-1/2

[Event "Stuttgart-chB int"]
[Site "Gerlingen"]
[Date "2007.05.17"]
[Round "2"]
[White "Marx, Alexander"]
[Black "Frey, Alisa"]
[Result "1-0"]
[WhiteElo "1656"]
[BlackElo "1891"]
[PlyCount "73"]
[EventDate "2007.05.17"]
[EventType "swiss"]
[EventRounds "7"]
[EventCountry "GER"]
[SourceTitle "EXT 2018"]
[Source "ChessBase"]
[SourceDate "2017.10.13"]
[SourceVersion "1"]
[SourceVersionDate "2017.10.13"]
[SourceQuality "1"]

1. d4 d5 2. c4 dxc4 3. e4 e5 4. Bxc4 exd4 5. Nf3 Nc6 6. Qb3 Bb4+ 7. Bd2 Bxd2+ 8. Nbxd2 Nh6 9. 0-0 0-0 10. Qb5 a6 11. Qc5 Qf6 12. Bd3 b6 13. Qc2 Nb4 14. Qc4 Nxd3 15. Qxd3 c5 16. Nc4 Bd7 17. Rfe1 Rfd8 18. e5 Qc6 19. Nd6 Be6 20. Ng5 g6 21. Nxe6 fxe6 22. Qh3 Nf5 23. Ne4 Ra7 24. Nf6+ Kh8 25. g4 Nd6 26. exd6 Qxd6 27. g5 e5 28. Re4 b5 29. Rae1 d3 30. Rxe5 Qxe5 31. Rxe5 d2 32. Rd5 d1Q+ 33. Rxd1 Rxd1+ 34. Kg2 Rd8 35. Qe3 Rc7 36. Qe5 Rcc8 37. Ne8+ 1-0

[Event "Pinneberg-ch"]
[Site "Pinneberg"]
[Date "2006.09.28"]
[Round "7.29"]
[White "Grothkopp, Dietrich"]
[Black "Marx, Alexander"]
[Result "0-1"]
[WhiteElo "1737"]
[BlackElo "1614"]
[PlyCount "60"]
[EventDate "2006.08.22"]
[EventType "swiss"]
[EventRounds "7"]
[EventCountry "GER"]
[SourceTitle "EXT 2007"]
[Source "ChessBase"]
[SourceDate "2006.11.23"]
[SourceVersion "1"]
[SourceVersionDate "2006.11.23"]
[SourceQuality "1"]

1. d4 d5 2. c4 e6 3. Nc3 Nf6 4. Bg5 Be7 5. e3 0-0 6. Bd3 h6 7. Bh4 dxc4 8. Bxc4 b6 9. Nf3 Bb7 10. 0-0 Nbd7 11. Rc1 c5 12. a3 cxd4 13. Nxd4 Nc5 14. Qe2 Nfe4 15. Bxe7 Qxe7 16. Rfd1 Rac8 17. Ba2 Qg5 18. f3 Nxc3 19. Rxc3 Rcd8 20. b4 Na6 21. Rdc1 Nb8 22. Rc7 Bd5 23. Bb1 Rfe8 24. Rxa7 e5 25. Nf5 e4 26. Ng3 exf3 27. gxf3 Rxe3 28. Qc2 g6 29. Ba2 Bxa2 30. Qxa2 Rxf3 0-1

[Event "Stuttgart-chB int"]
[Site "Ditzingen"]
[Date "2006.05.28"]
[Round "7"]
[White "Marx, Alexander"]
[Black "Haak, Tillmann"]
[Result "0-1"]
[WhiteElo "1642"]
[BlackElo "1835"]
[PlyCount "88"]
[EventDate "2006.05.25"]
[EventType "swiss"]
[EventRounds "7"]
[EventCountry "GER"]
[SourceTitle "EXT 2018"]
[Source "ChessBase"]
[SourceDate "2017.10.13"]
[SourceVersion "1"]
[SourceVersionDate "2017.10.13"]
[SourceQuality "1"]

1. d4 Nf6 2. c4 g6 3. Nc3 d5 4. cxd5 Nxd5 5. e4 Nxc3 6. bxc3 Bg7 7. Bc4 0-0 8. Ne2 c5 9. Be3 cxd4 10. cxd4 Nc6 11. Rb1 Na5 12. Bd3 b6 13. f3 Bb7 14. Qd2 Rc8 15. Rb4 Qd7 16. h4 Nc6 17. Ra4 Rfd8 18. Bb5 Qc7 19. h5 Na5 20. hxg6 hxg6 21. Bd3 Rd7 22. Bh6 Bf6 23. e5 Bxe5 24. dxe5 Qxe5 25. Rah4 Nc4 26. Bf4 Qg7 27. Rh8+ Qxh8 28. Rxh8+ Kxh8 29. Qc3+ f6 30. Bxc4 b5 31. Qc2 Kg7 32. Qb2 bxc4 33. Nc3 Rc6 34. Kf2 Bc8 35. Qb5 Bb7 36. Qb1 a6 37. Be3 Bc8 38. Qh1 g5 39. f4 Rd3 40. g3 Re6 41. Nd1 c3 42. fxg5 fxg5 43. Bxg5 c2 44. Ne3 Rd2+ 0-1

[Event "Stuttgart-chB int"]
[Site "Ditzingen"]
[Date "2006.05.26"]
[Round "4"]
[White "Duran, Suat"]
[Black "Marx, Alexander"]
[Result "1-0"]
[WhiteElo "1487"]
[BlackElo "1642"]
[PlyCount "61"]
[EventDate "2006.05.25"]
[EventType "swiss"]
[EventRounds "7"]
[EventCountry "GER"]
[SourceTitle "EXT 2018"]
[Source "ChessBase"]
[SourceDate "2017.10.13"]
[SourceVersion "1"]
[SourceVersionDate "2017.10.13"]
[SourceQuality "1"]

1. e4 e6 2. d4 d5 3. exd5 exd5 4. Nf3 Nf6 5. Be2 c5 6. c3 Bd6 7. Bg5 Be6 8. Qc2 Nbd7 9. Nbd2 0-0 10. Bh4 h6 11. Bg3 Be7 12. h3 Re8 13. 0-0 c4 14. Rfe1 b5 15. a3 a5 16. Ne5 Nxe5 17. Bxe5 Nd7 18. Bg3 Qb6 19. Nf1 b4 20. axb4 axb4 21. Bf3 Bf8 22. Ne3 Nf6 23. Be5 b3 24. Qd2 Ne4 25. Bxe4 dxe4 26. d5 Rad8 27. Bd4 Qc7 28. dxe6 fxe6 29. Qe2 e5 30. Ba7 Ra8 31. Qxc4+ 1-0

[Event "Stuttgart-chB int"]
[Site "Ditzingen"]
[Date "2006.05.26"]
[Round "3"]
[White "Viehoff, Juergen"]
[Black "Marx, Alexander"]
[Result "1-0"]
[WhiteElo "1826"]
[BlackElo "1642"]
[PlyCount "87"]
[EventDate "2006.05.25"]
[EventType "swiss"]
[EventRounds "7"]
[EventCountry "GER"]
[SourceTitle "EXT 2018"]
[Source "ChessBase"]
[SourceDate "2017.10.13"]
[SourceVersion "1"]
[SourceVersionDate "2017.10.13"]
[SourceQuality "1"]

1. d4 d5 2. Nf3 Nf6 3. e3 e6 4. Bd3 c5 5. c3 b6 6. Nbd2 Ba6 7. Bxa6 Nxa6 8. Qa4+ Nd7 9. Qxa6 Qc7 10. Qe2 Bd6 11. 0-0 0-0 12. Re1 Rac8 13. e4 cxd4 14. cxd4 dxe4 15. Nxe4 Be7 16. Bd2 Qb7 17. Bf4 Rc6 18. Rac1 Rfc8 19. Rxc6 Rxc6 20. Nc3 Bb4 21. d5 exd5 22. Nxd5 Re6 23. Ne3 Bxe1 24. Qxe1 Qe4 25. Bg3 h6 26. Qd1 Nf6 27. h3 Ne8 28. Nd5 Qe2 29. Qxe2 Rxe2 30. Be5 f6 31. Bc3 Nd6 32. Nd4 Re8 33. Nc6 Nb5 34. Kf1 Kf7 35. Bb4 Rc8 36. Nde7 Rc7 37. a4 a5 38. axb5 axb4 39. Nd5 Rd7 40. Nxb6 Rd2 41. Nc4 Rd5 42. b6 Rc5 43. Nd6+ Ke6 44. b7 1-0

[Event "Stuttgart-chB int"]
[Site "Ditzingen"]
[Date "2006.05.25"]
[Round "1"]
[White "Marx, Alexander"]
[Black "Marx, Horst"]
[Result "1-0"]
[WhiteElo "1642"]
[BlackElo "1198"]
[PlyCount "45"]
[EventDate "2006.05.25"]
[EventType "swiss"]
[EventRounds "7"]
[EventCountry "GER"]
[SourceTitle "EXT 2018"]
[Source "ChessBase"]
[SourceDate "2017.10.13"]
[SourceVersion "1"]
[SourceVersionDate "2017.10.13"]
[SourceQuality "1"]

1. d4 d5 2. c4 dxc4 3. Nf3 Nf6 4. Nc3 Bf5 5. Bg5 Ne4 6. Nxe4 Bxe4 7. e3 Qd5 8. a4 c6 9. Bf4 Bxf3 10. gxf3 e6 11. e4 Bb4+ 12. Bd2 Bxd2+ 13. Qxd2 Qd7 14. Bxc4 0-0 15. 0-0-0 b5 16. Bb3 a6 17. h4 h6 18. Rhg1 Kh7 19. e5 Qe7 20. Rxg7+ Kxg7 21. Rg1+ Kh7 22. Bc2+ f5 23. exf6+ 1-0